| 000 | 00525nam a2200169Ia 4500 | ||
|---|---|---|---|
| 008 | 230917s9999||||xx |||||||||||||| ||und|| | ||
| 020 | _cRS5995 | ||
| 040 |
_e256752 _aMAIN |
||
| 041 | _aEnglish | ||
| 082 | _a615.19 M469C | ||
| 100 | _aMedina, Carmen, ed. | ||
| 245 | 0 | _aCompliance handbook for pharmaceuticals, medical devices and biologics | |
| 260 |
_aNew York _bInforma Healthcare _c2014 |
||
| 300 | _axviii, 666 p. | ||
| 500 | _a3558 30/07/2019 PBA19/328 08/08/2019 Pharmaceutical Sciences (Non- Plan) | ||
| 942 | _cBK | ||
| 999 |
_c32149 _d32149 |
||